000
00358nam a2200157Ia 4500
003
0STCL
008
150530s9999 xx 000 0 und d
040
_a
STCL
_c
STCL
100
_a
John Stuart Blackie
245
_a
Life and writings of Robert Burns
260
_c
1910
546
_a
English
942
_2
ddc
_c
BK
999
_c
52215
_d
52215
005
20220125170855.0